000 00951nmm a2200277 a 4500
001 ocm0002015394
003 TR-IsHL
005 20201028175421.0
008 181027s2013 tu tur
007 cr cn
020 _a9789077814208
035 _a2015394
_b(N$T)
050 0 4 _aHD8038.T9
_bK37 2013
090 0 4 _aHD8038.T9
_bK37 2013
100 1 _aKaplan, Derya
245 1 0 _aHollanda'dan Türkiye'ye beyin göçü: söyleşiler
_h[electronic resource] /
_cDerya Kaplan
250 _a1. Baskı
260 _aAmsterdam ;
_aAnkara :
_bTürkevi Yayınları ;
_aBengü yayıncılık,
_c2013
300 _a137 p.
650 4 _aDil ve Edebiyat
650 4 _aLanguage and Literature
650 0 _aBilim adamı
_x Beyin göçü
650 0 _aScientist
_x Brain drain
650 7 _aSOCIAL SCIENCE / Emigration & Immigration
_2bisacsh
856 4 0 _uhttp://search.ebscohost.com/login.aspx?direct=true&scope=site&db=e011xww&AN=2015394
999 _c18660
_d18660